00594nam a2200181 a 450000100060000000300090000600800410001504000280005608200190008410000200010324500190012326000370014230000070017949000190018650501430020565000410034865000230038922627CO-ViMGA141112s2004 ck r 000 u spa d aCO-ViMGAbspacCO-ViMGA04a684.1044 G413r1 aGibert, Vicente10aRestauración aBarcelona : bParramón, c1999 a64 aAula de madera aEl oficio del restaurador 6 - - Materiales y productos 8 - - Herramientas de uso mas común 10 - - La practica 28 - - Mesa de centro 42 14aMUEBLES - MANTENIMIENTO Y REPARACION14aTRABAJOS EN MADERA